000 00325nam a2200145Ia 4500
005 20251222142026.0
008 251222s9999||||xx |||||||||||||| ||spa||
020 _a8474901448
082 _a723.5/E51
100 _aEmile Mâle
245 0 _aEl Gótico
250 _a1ra.ed.
264 _bEdiciones Encuentro
942 _cLIB
999 _c10813
_d10813